[Event "Titled Tue 27th May Early"]
[Site "chess.com INT"]
[Date "2025.05.27"]
[Round "6"]
[White "Ingebretsen, Jens E"]
[Black "Ferey, Antonin"]
[Result "0-1"]
[WhiteTitle "IM"]
[BlackTitle "CM"]
[WhiteElo "2414"]
[BlackElo "2238"]
[WhiteFideId "1522965"]
[BlackFideId "36051454"]
[EventDate "2025.05.27"]

1. e4 g6 2. d4 Bg7 3. Be3 d6 4. Nc3 a6 5. Qd2 b5 6. f4 Bb7 7. Bd3 Nf6 8. e5 Ng4
9. Nf3 Bxf3 10. gxf3 Nxe3 11. Qxe3 e6 12. O-O-O d5 13. h4 h5 14. Kb1 Nd7 15.
Rdg1 Qe7 16. f5 Bh6 17. f4 gxf5 18. Ne2 O-O-O 19. a4 c6 20. Nc1 Rhg8 21. Rg5
Bxg5 22. hxg5 Rh8 23. Nb3 Kc7 24. Rh4 Nf8 25. Qe1 b4 26. Bxa6 Ng6 27. Nc5 Rb8
28. Rh3 Nxf4 29. Rf3 Qxg5 30. Qc1 h4 31. Bf1 h3 32. Na6+ Kc8 33. Nxb8 h2 34.
Rxf4 h1=Q 35. Nxc6 Rh4 36. Ba6+ Kc7 37. Rf1 Qxc1+ 38. Rxc1 Qe4 39. Bb5 Rh1 40.
a5 Rxc1+ 41. Kxc1 Qe1# 0-1

[Event "Titled Tue 27th May Early"]
[Site "chess.com INT"]
[Date "2025.05.27"]
[Round "6"]
[White "Martinez Fernandez, Adrian"]
[Black "Luukkonen, Tommi"]
[Result "1-0"]
[WhiteTitle "IM"]
[BlackTitle "FM"]
[WhiteElo "2404"]
[BlackElo "2250"]
[WhiteFideId "32049048"]
[BlackFideId "501808"]
[EventDate "2025.05.27"]

1. e4 e6 2. Nc3 d5 3. d4 Bb4 4. e5 c5 5. a3 Bxc3+ 6. bxc3 Qc7 7. Nf3 b6 8. Bb5+
Bd7 9. Bd3 Ne7 10. h4 Ba4 11. h5 h6 12. Bd2 Nd7 13. Kf1 O-O-O 14. Qb1 f6 15.
exf6 gxf6 16. Bb5 Bxb5+ 17. Qxb5 Qc6 18. a4 Qxb5+ 19. axb5 Kb7 20. Re1 Nf8 21.
Rh4 Nf5 22. Rf4 cxd4 23. Nxd4 Nxd4 24. cxd4 f5 25. Rf3 Rh7 26. Rg3 Rc8 27. c3 a5
28. bxa6+ Kxa6 29. Rg8 Kb7 30. g3 b5 31. Kg2 Re8 32. Kf3 Rc8 33. Re3 Re8 34. Ke2
Rc8 35. Kd3 Re8 36. Re1 Rc8 37. Rb1 Kc6 38. Ra1 Rb7 39. Bxh6 Rf7 40. Bf4 Kb7 41.
h6 Nh7 42. Rg7 Rf8 43. Be5 Rxg7 44. hxg7 Rg8 45. Rh1 1-0

[Event "Titled Tue 27th May Early"]
[Site "chess.com INT"]
[Date "2025.05.27"]
[Round "6"]
[White "Smirnova, Ekaterina"]
[Black "Vusatiuk, Vladimir"]
[Result "1-0"]
[WhiteTitle "WIM"]
[BlackTitle "IM"]
[WhiteElo "2096"]
[BlackElo "2286"]
[WhiteFideId "4110943"]
[BlackFideId "14118610"]
[EventDate "2025.05.27"]

1. d4 Nf6 2. c4 e6 3. Nf3 b6 4. a3 Bb7 5. Nc3 Be7 6. d5 exd5 7. cxd5 O-O 8. e4
d6 9. Bd3 Nbd7 10. O-O c6 11. dxc6 Bxc6 12. Bf4 Nc5 13. Re1 Nxd3 14. Qxd3 Nd7
15. Rad1 Nc5 16. Qb1 Ne6 17. Bg3 Qc7 18. Nd5 Bxd5 19. Rxd5 Rac8 20. h3 Rfd8 21.
Red1 Qc2 22. Qxc2 Rxc2 23. R5d2 Rdc8 24. Kf1 f6 25. Ke2 Kf7 26. Rxc2 Rxc2+ 27.
Rd2 Rxd2+ 28. Nxd2 Nc5 29. b4 Ne6 30. Nc4 Nd4+ 31. Kd3 Nb5 32. a4 Nc7 33. Nxd6+
Bxd6 34. Bxd6 Ne6 35. f3 a6 36. Kc4 Nd8 37. Bc7 b5+ 38. axb5 axb5+ 39. Kxb5 Ne6
40. Bg3 Nd4+ 41. Kc4 Nb3 42. Kxb3 1-0

[Event "Titled Tue 27th May Early"]
[Site "chess.com INT"]
[Date "2025.05.27"]
[Round "6"]
[White "Ebrahimi Herab, Hamidreza"]
[Black "Ivannikov, Maksim"]
[Result "1-0"]
[WhiteTitle "FM"]
[BlackTitle "CM"]
[WhiteElo "2404"]
[BlackElo "2184"]
[WhiteFideId "22512888"]
[BlackFideId "34275339"]
[EventDate "2025.05.27"]

1. d4 Nf6 2. c4 g6 3. Nc3 Bg7 4. e4 O-O 5. Be2 d6 6. Bg5 h6 7. Be3 e5 8. d5 Na6
9. g4 Nc5 10. f3 a5 11. Qd2 h5 12. h3 Nh7 13. O-O-O h4 14. Kb1 Bf6 15. f4 exf4
16. Bxf4 Bg5 17. Nf3 Bxf4 18. Qxf4 g5 19. Qe3 Qe7 20. Rhe1 Re8 21. Bd3 Qf6 22.
e5 Qg7 23. Bxh7+ Qxh7+ 24. Kc1 Qg7 25. Nb5 Re7 26. Nxc7 Rxc7 27. exd6 Na4 28.
Qe8+ Kh7 29. Qxa4 Rc5 30. Qc2+ Kh6 31. Re7 b5 32. Ne5 Be6 33. dxe6 Qxe5 34. Rxf7
Rh8 35. Rdf1 Rxc4 36. R1f6+ Qxf6 37. Rxf6+ Kg7 38. Rg6+ Kh7 39. Rxg5+ Rxc2+ 40.
Kxc2 1-0

[Event "Titled Tue 27th May Early"]
[Site "chess.com INT"]
[Date "2025.05.27"]
[Round "6"]
[White "Rozman, Levy"]
[Black "Baskakov, Egor"]
[Result "1/2-1/2"]
[WhiteTitle "IM"]
[BlackTitle "CM"]
[WhiteElo "2324"]
[BlackElo "2215"]
[WhiteFideId "2039877"]
[BlackFideId "24197866"]
[EventDate "2025.05.27"]

1. d4 Nf6 2. Bg5 Ne4 3. h4 c6 4. Nd2 Nxd2 5. Qxd2 d5 6. e3 h6 7. Bf4 Bf5 8. f3
e6 9. g4 Bh7 10. Bd3 Bxd3 11. Qxd3 Bd6 12. Ne2 Qe7 13. O-O-O Nd7 14. e4 Bxf4+
15. Nxf4 O-O-O 16. exd5 cxd5 17. Qe3 Qd6 18. Nd3 Rhe8 19. Ne5 Nxe5 20. dxe5 Qa6
21. Rd3 b6 22. g5 hxg5 23. Qxg5 g6 24. Qf6 Rd7 25. h5 gxh5 26. Rxh5 Kb7 27. Kb1
Rc7 28. a3 Rg8 29. Rg5 Rgc8 30. Rg7 Qa4 31. Rc3 Rxc3 32. bxc3 Qb5+ 33. Kc1 Qf1+
34. Kb2 Qb5+ 35. Kc1 Qf1+ 36. Kb2 Qb5+ 37. Kc1 1/2-1/2

[Event "Titled Tue 27th May Early"]
[Site "chess.com INT"]
[Date "2025.05.27"]
[Round "6"]
[White "Mata Gonzalez, Jose Fernando"]
[Black "Arslanov, Shamil"]
[Result "0-1"]
[WhiteTitle "CM"]
[BlackTitle "IM"]
[WhiteElo "2164"]
[BlackElo "2410"]
[WhiteFideId "5107423"]
[BlackFideId "4192826"]
[EventDate "2025.05.27"]

1. e4 d5 2. exd5 Qxd5 3. d4 Nc6 4. c3 e5 5. Nf3 Bg4 6. Be2 O-O-O 7. Qa4 e4 8.
Ng1 Nf6 9. Bxg4+ Nxg4 10. Nh3 Bd6 11. Bf4 e3 12. f3 Nf2 13. Bxd6 Nxh1 14. Bf4
Qf5 15. Na3 Nf2 16. Qc2 Nd3+ 17. Kf1 e2+ 18. Kg1 Rhe8 19. Bg3 Qg6 20. Qd2 e1=Q+
21. Bxe1 Re7 22. Bh4 f6 23. Nc4 Nde5 0-1

[Event "Titled Tue 27th May Early"]
[Site "chess.com INT"]
[Date "2025.05.27"]
[Round "6"]
[White "Unver, Cumayi"]
[Black "Schubert, Christian"]
[Result "1/2-1/2"]
[BlackTitle "CM"]
[WhiteElo "2012"]
[BlackElo "2203"]
[WhiteFideId "6304940"]
[BlackFideId "4604229"]
[EventDate "2025.05.27"]

1. d4 Nf6 2. Nc3 d5 3. Bf4 Bf5 4. e3 e6 5. a3 Bd6 6. Nf3 Bxf4 7. exf4 Nbd7 8.
Bd3 Ne4 9. Bxe4 Bxe4 10. Nxe4 dxe4 11. Ne5 Nxe5 12. dxe5 Qxd1+ 13. Rxd1 f5 14.
exf6 gxf6 15. Ke2 Ke7 16. Rd4 f5 17. Rhd1 Rad8 18. Ke3 Rd6 19. c4 Rhd8 20. c5
Rd5 21. Rxd5 exd5 22. Kd4 Ke6 23. Rc1 c6 24. Rc3 Rg8 25. g3 Rg7 26. b4 a6 27. f3
Rd7 28. a4 Rd8 29. Rb3 Ra8 30. g4 exf3 31. Re3+ Kf6 32. g5+ Kg6 33. Rxf3 Re8 34.
Kc3 Re4 35. Kb3 d4 36. Kc4 d3+ 37. Kxd3 Rxb4 38. Kc2 Rxa4 39. Kb3 Re4 40. Kc3
Ra4 41. Kb3 Re4 42. Kc3 Ra4 43. Kb3 1/2-1/2

[Event "Titled Tue 27th May Early"]
[Site "chess.com INT"]
[Date "2025.05.27"]
[Round "6"]
[White "Le, Tuan Minh"]
[Black "Mendonca, Leon Luke"]
[Result "1-0"]
[WhiteTitle "GM"]
[BlackTitle "GM"]
[WhiteElo "2598"]
[BlackElo "2630"]
[WhiteFideId "12401153"]
[BlackFideId "35028561"]
[EventDate "2025.05.27"]

1. d4 Nf6 2. Nf3 e6 3. Bf4 c5 4. c3 d5 5. e3 Qb6 6. Qc2 Bd7 7. a4 Nc6 8. Nbd2
Be7 9. Bd3 O-O 10. Ne5 h6 11. a5 Qd8 12. O-O cxd4 13. Nxc6 bxc6 14. exd4 c5 15.
Nf3 c4 16. Be2 Bb5 17. Rfe1 Bd6 18. Ne5 Qc7 19. Bf3 Rab8 20. h4 Nd7 21. Qd2 Rb7
22. Re2 Nxe5 23. dxe5 Be7 24. h5 Rfb8 25. Qc1 Bc6 26. Be3 Rb5 27. a6 Bc5 28. Bf4
Qb6 29. Bxh6 gxh6 30. Qxh6 Qd8 31. b4 cxb3 32. Ra4 d4 33. Be4 Be8 34. Bh7+ Kh8
35. Bb1+ Kg8 36. Re4 f5 37. exf6 Bxh5 38. Qg7# 1-0

[Event "Titled Tue 27th May Early"]
[Site "chess.com INT"]
[Date "2025.05.27"]
[Round "6"]
[White "Gyurjinyan, Valter"]
[Black "Cahaya, Satria Duta"]
[Result "1-0"]
[WhiteTitle "CM"]
[BlackTitle "FM"]
[WhiteElo "2208"]
[BlackElo "2416"]
[WhiteFideId "13318179"]
[BlackFideId "7124252"]
[EventDate "2025.05.27"]

1. e4 e5 2. Nf3 Nc6 3. Bc4 Nf6 4. d4 exd4 5. O-O Nxe4 6. Re1 d5 7. Bxd5 Qxd5 8.
Nc3 Qd7 9. Rxe4+ Be7 10. Nxd4 f5 11. Rf4 O-O 12. Nxc6 Qxc6 13. Qd5+ Qxd5 14.
Nxd5 Bd6 15. Rd4 Be6 16. Bf4 Rad8 17. Bxd6 Rxd6 18. Nxc7 Rxd4 19. Nxe6 Rd2 20.
Nxf8 Kxf8 21. Rc1 Ke7 22. Kf1 Ke6 23. Ke1 Rd4 24. Rd1 Ra4 25. a3 Re4+ 26. Kd2
Rd4+ 27. Ke2 Re4+ 28. Kf1 Rc4 29. c3 Rc5 30. Rd4 a5 31. Ke2 Re5+ 32. Kd2 Rb5 33.
b4 g5 34. Kc2 Re5 35. Rd2 h5 36. Kb3 Re1 37. Ka4 axb4 38. axb4 Rc1 39. Kb3 Rh1
40. h3 Rg1 41. f3 Ke5 42. c4 Kf4 43. c5 Kg3 44. b5 f4 45. Kb4 Rc1 46. Rb2 Kh2
47. Ka5 Rxc5 48. Kb6 Re5 49. Kxb7 Rxb5+ 50. Rxb5 Kxg2 51. Rxg5+ Kxh3 52. Kc6 Kh2
53. Kd5 h4 54. Ke4 h3 55. Kxf4 Kh1 56. Rh5 Kg2 57. Rxh3 Kxh3 58. Kg5 Kg3 59. f4 1-0

[Event "Titled Tue 27th May Early"]
[Site "chess.com INT"]
[Date "2025.05.27"]
[Round "6"]
[White "Goncharov, Vladimir"]
[Black "Weetik, Vjacheslav"]
[Result "0-1"]
[BlackTitle "FM"]
[WhiteElo "2077"]
[BlackElo "2423"]
[WhiteFideId "34162256"]
[BlackFideId "4153472"]
[EventDate "2025.05.27"]

1. d4 d5 2. c4 c6 3. Nf3 Nf6 4. e3 Bf5 5. cxd5 cxd5 6. Nc3 Nc6 7. Bb5 Qc7 8. Ne5
a6 9. Qa4 Rc8 10. Bxc6+ bxc6 11. Qxa6 e6 12. Bd2 Bd6 13. Rc1 Bxe5 14. dxe5 Ne4
15. Nxe4 Bxe4 16. f3 Bg6 17. Bb4 f6 18. Bd6 Qd7 19. O-O Kf7 20. a3 Rhe8 21. Rc3
Kg8 22. Rfc1 fxe5 23. Bxe5 Qf7 24. Rxc6 Ra8 25. Qe2 Qf5 26. f4 Ra7 27. Rc7 Re7
28. Rxa7 Rxa7 29. Qd2 h6 30. h3 Kh7 31. Qd4 Rb7 32. b4 Qh5 33. Kh2 Be4 34. g4
Qh4 35. Qd2 Ra7 36. Ra1 h5 37. Rg1 Rxa3 38. gxh5 Ra7 39. Qe1 Ra2+ 0-1

[Event "Titled Tue 27th May Early"]
[Site "chess.com INT"]
[Date "2025.05.27"]
[Round "6"]
[White "Birkisson, Bjorn Holm"]
[Black "Goltsev, Dmitry"]
[Result "0-1"]
[WhiteTitle "CM"]
[BlackTitle "FM"]
[WhiteElo "2123"]
[BlackElo "2183"]
[WhiteFideId "2310600"]
[BlackFideId "24176710"]
[EventDate "2025.05.27"]

1. Nf3 d5 2. e3 c6 3. d4 Nf6 4. Bd3 g6 5. c4 Bg7 6. O-O O-O 7. h3 Nbd7 8. Nc3 e6
9. e4 dxe4 10. Nxe4 Nxe4 11. Bxe4 c5 12. Be3 cxd4 13. Bxd4 e5 14. Bc3 Nc5 15.
Bd5 Qc7 16. Re1 Re8 17. Ng5 Be6 18. Nxe6 fxe6 19. Bf3 Rad8 20. Qe2 e4 21. Bxe4
Bxc3 22. bxc3 Qe5 23. Bf3 Qxc3 24. h4 b6 25. h5 Rd2 26. Qf1 Rf8 27. Re3 Qd4 28.
Rae1 Rxa2 29. g3 gxh5 30. Qh3 Qf6 31. Qxh5 Qg6 32. Qh3 Nd3 33. Rxd3 Qxd3 34.
Qxe6+ Rf7 35. Qg4+ Kf8 36. Bd5 Raxf2 37. Qc8+ Kg7 38. Qg4+ Qg6 39. Qd4+ R7f6 40.
Re7+ Kf8 41. Qe3 Qb1+ 42. Qe1 Rf1+ 0-1

[Event "Titled Tue 27th May Early"]
[Site "chess.com INT"]
[Date "2025.05.27"]
[Round "6"]
[White "Huseynova, Lala"]
[Black "Lazniewska, Zofia"]
[Result "0-1"]
[WhiteTitle "WFM"]
[BlackTitle "WFM"]
[WhiteElo "2123"]
[BlackElo "1906"]
[WhiteFideId "13431781"]
[BlackFideId "21847266"]
[EventDate "2025.05.27"]

1. d4 d5 2. c4 e6 3. Nc3 Nf6 4. Nf3 c6 5. Bg5 Nbd7 6. e3 Qa5 7. Qc2 Ne4 8. Bd3
Bb4 9. Bxe4 dxe4 10. Nd2 Qxg5 11. O-O f5 12. d5 O-O 13. dxe6 Ne5 14. a3 Bd6 15.
c5 Bc7 16. Qb3 Kh8 17. f4 exf3 18. Nxf3 Nxf3+ 19. Rxf3 Qh6 20. Rh3 Qxe6 21. Qd1
f4 22. Qh5 Qf5 23. Qh4 Qg6 24. Rf3 Bg4 25. Rff1 f3 26. h3 Be6 27. g4 Bd8 28. Qg3
Bg5 29. Rae1 Rae8 30. Rxf3 Rxf3 31. Qxf3 Bd5 32. e4 Bc4 33. e5 Be7 34. Ne4 Bd5
35. Re3 Bxc5 0-1

[Event "Titled Tue 27th May Early"]
[Site "chess.com INT"]
[Date "2025.05.27"]
[Round "6"]
[White "Dovgaliuk, Oleksandr"]
[Black "Bruhovich, Olexandr"]
[Result "0-1"]
[BlackTitle "CM"]
[WhiteElo "2240"]
[BlackElo "2208"]
[WhiteFideId "14167247"]
[BlackFideId "14119919"]
[EventDate "2025.05.27"]

1. e4 c5 2. Nf3 d6 3. d4 cxd4 4. Nxd4 Nf6 5. Nc3 a6 6. Be3 e5 7. Nf3 Be7 8. Bc4
O-O 9. O-O h6 10. Nd5 Nxd5 11. Bxd5 Nc6 12. Qd2 Kh7 13. c4 f5 14. exf5 Bxf5 15.
Rfd1 Rc8 16. b4 a5 17. a3 b6 18. Qb2 Bf6 19. Rac1 axb4 20. axb4 Ne7 21. Qd2 Nxd5
22. Qxd5 Be7 23. Qb5 Rb8 24. Nxe5 Qc7 25. Qc6 Qa7 26. Ra1 Qb7 27. Qxb7 Rxb7 28.
Nc6 Bf6 29. Ra6 b5 30. cxb5 Rxb5 31. Rxd6 Bc8 32. Ra5 Rb7 33. g3 Bh3 34. Bd4 Re8 0-1

[Event "Titled Tue 27th May Early"]
[Site "chess.com INT"]
[Date "2025.05.27"]
[Round "6"]
[White "Lopez Abreu, Michel Samuel"]
[Black "Mafra, Kaiser Luiz"]
[Result "1-0"]
[WhiteTitle "FM"]
[BlackTitle "CM"]
[WhiteElo "2038"]
[BlackElo "2094"]
[WhiteFideId "3927903"]
[BlackFideId "2106698"]
[EventDate "2025.05.27"]

1. d4 Nf6 2. Nf3 d6 3. c4 g6 4. Nc3 Bg7 5. g3 O-O 6. Bg2 c5 7. O-O Nbd7 8. b3
Rb8 9. Bb2 a6 10. a4 e5 11. dxe5 dxe5 12. Nd2 Qe7 13. Nd5 Nxd5 14. cxd5 Nb6 15.
e4 Bd7 16. Rc1 Nc8 17. a5 b5 18. axb6 Nxb6 19. Ba3 Rfc8 20. Qc2 Bf8 21. Bb2 Qg5
22. Nf3 Qh5 23. Nxe5 Bh3 24. Nc6 Rb7 25. Qd1 Bg4 26. f3 Bh3 27. Qe2 Bxg2 28.
Kxg2 f5 29. Qxa6 Rf7 30. Qd3 f4 31. Ne5 fxg3 32. hxg3 Re7 33. Ng4 Nd7 34. b4 c4
35. Rxc4 Rxc4 36. Qxc4 Ne5 37. Bxe5 Rxe5 38. Nxe5 Qxe5 39. Rf2 Bd6 40. f4 Qe7
41. Qc8+ Kg7 42. Qe6 Bxb4 43. Qxe7+ Bxe7 44. e5 Kf7 45. d6 Bd8 46. Kf3 Ke6 47.
Ke4 h5 48. Rg2 g5 49. f5+ Kf7 50. Kd5 Ke8 51. Ke6 Kf8 52. Kd7 Ba5 53. e6 h4 54.
e7+ Kg7 55. e8=Q h3 56. Qg6+ Kh8 57. f6 hxg2 58. Qg7# 1-0

[Event "Titled Tue 27th May Early"]
[Site "chess.com INT"]
[Date "2025.05.27"]
[Round "6"]
[White "Klekowski, Maciej"]
[Black "Tristan, Leonardo"]
[Result "0-1"]
[WhiteTitle "GM"]
[BlackTitle "GM"]
[WhiteElo "2474"]
[BlackElo "2536"]
[WhiteFideId "1132717"]
[BlackFideId "113816"]
[EventDate "2025.05.27"]

1. c4 e6 2. Nf3 d5 3. g3 Nf6 4. Bg2 Be7 5. O-O O-O 6. b3 a5 7. cxd5 exd5 8. Bb2
Bf5 9. Nc3 h6 10. d3 c6 11. Re1 Bh7 12. Rc1 Re8 13. Qc2 Na6 14. Qb1 Nd7 15. e4
dxe4 16. dxe4 Bf6 17. Qa1 Qb8 18. Rcd1 Nac5 19. Nd4 Ne5 20. Na4 Ncd3 21. Re3
Nxb2 22. Qxb2 b5 23. Nc5 Qb6 24. Rc3 Rad8 25. Rcc1 Nc4 26. bxc4 Qxc5 27. cxb5
Rxd4 28. Rxd4 Qxd4 29. Qxd4 Bxd4 30. bxc6 Bb6 31. Kf1 Bg6 32. f4 f6 33. Rb1 Bc7
34. Rb7 Re7 35. Ke2 Be8 36. e5 fxe5 37. f5 e4 38. Kd1 Bxc6 39. Ra7 Kf7 40. Bf1
Rd7+ 0-1

[Event "Titled Tue 27th May Early"]
[Site "chess.com INT"]
[Date "2025.05.27"]
[Round "6"]
[White "Sarveshwaran V"]
[Black "Sabuk, Piotr"]
[Result "1-0"]
[WhiteTitle "CM"]
[BlackTitle "IM"]
[WhiteElo "2290"]
[BlackElo "2321"]
[WhiteFideId "25699016"]
[BlackFideId "1137565"]
[EventDate "2025.05.27"]

1. e4 e5 2. Nf3 Nf6 3. d4 Nxe4 4. dxe5 d5 5. Nbd2 Nc6 6. Bd3 Bf5 7. O-O Bc5 8.
Nb3 Bb6 9. a4 a6 10. a5 Ba7 11. c3 O-O 12. Nbd4 Bg4 13. Nxc6 bxc6 14. Qe2 Nc5
15. Bc2 Bh5 16. h3 Ne6 17. Rd1 Bg6 18. Nd4 Qd7 19. f4 Rae8 20. Be3 c5 21. Nxe6
Qxe6 22. Bxg6 fxg6 23. Kh2 d4 24. cxd4 cxd4 25. Bxd4 Bxd4 26. Rxd4 g5 27. g3
gxf4 28. gxf4 Rb8 29. Rad1 Rb3 30. R1d3 Rb5 31. b4 h6 32. Qg4 1-0

[Event "Titled Tue 27th May Early"]
[Site "chess.com INT"]
[Date "2025.05.27"]
[Round "6"]
[White "Hiwale, Ronak"]
[Black "Sobek, Jaroslav"]
[Result "1-0"]
[BlackTitle "FM"]
[WhiteElo "2105"]
[BlackElo "2195"]
[WhiteFideId "30975336"]
[BlackFideId "301388"]
[EventDate "2025.05.27"]

1. Nf3 c5 2. g3 b6 3. Bg2 Bb7 4. O-O Nf6 5. d3 g6 6. e4 d6 7. Re1 Bg7 8. e5 dxe5
9. Nxe5 Bxg2 10. Kxg2 O-O 11. Nc3 e6 12. Bg5 h6 13. Qf3 Na6 14. Bxf6 Qxf6 15.
Qxf6 Bxf6 16. Nd7 Bxc3 17. bxc3 Rfd8 18. Nf6+ Kg7 19. Ne4 Nc7 20. Rad1 Nb5 21.
a4 Nd6 22. Nd2 Rac8 23. Rb1 Rd7 24. Nf3 Nb7 25. Ne5 Rd5 26. Nc4 Rd7 27. Rb2 Nd6
28. Ne5 Rdc7 29. Ra1 Rd8 30. c4 Nf5 31. a5 Rb8 32. axb6 axb6 33. Ra6 Nd4 34.
Raxb6 Rxb6 35. Rxb6 Nxc2 36. Kf1 Nd4 37. Rb2 Kf6 38. Ng4+ Kg7 39. Ne3 Ra7 40.
Nc2 Ra4 41. Nxd4 cxd4 42. Ke2 Kf6 43. Kf3 Ke5 44. Rb5+ Kd6 45. Ke4 Ra1 46. Kxd4
Rf1 47. Rb2 e5+ 48. Kc3 f5 49. h4 g5 50. hxg5 hxg5 51. Kb4 f4 52. gxf4 1-0

[Event "Titled Tue 27th May Early"]
[Site "chess.com INT"]
[Date "2025.05.27"]
[Round "6"]
[White "Agarwal, Amaya"]
[Black "Kikuchi Cadilhac, Mariana Sawae"]
[Result "1-0"]
[WhiteTitle "WCM"]
[BlackTitle "WFM"]
[WhiteElo "2004"]
[BlackElo "1849"]
[WhiteFideId "48733580"]
[BlackFideId "2144433"]
[EventDate "2025.05.27"]

1. e4 c6 2. d4 d5 3. exd5 cxd5 4. c4 Nf6 5. Nc3 Nc6 6. Nf3 e6 7. Bd3 Bb4 8. O-O
h6 9. Re1 O-O 10. c5 Bd7 11. a3 Ba5 12. b4 Bc7 13. b5 Ne7 14. Rb1 Qb8 15. h3 Bf4
16. Bxf4 Qxf4 17. Ne5 Kh8 18. Ne2 Qg5 19. f4 Qh4 20. Kh2 g5 21. g3 Qh5 22. g4
Qh4 23. Kg2 Kg7 24. Nf3 Qxe1 25. Qxe1 gxf4 26. Nxf4 Rh8 27. Ne5 Be8 28. Kh2 h5
29. g5 Nh7 30. Nxh5+ Kg8 31. Bxh7+ Rxh7 32. Nf6+ Kg7 33. Nxh7 Kxh7 34. Qh4+ Kg8
35. g6 Nxg6 36. Nxg6 fxg6 37. Qf6 Bf7 38. Rg1 Re8 39. Rxg6+ Bxg6 40. Qxg6+ Kf8
41. Qf6+ Kg8 42. c6 bxc6 43. bxc6 1-0

[Event "Titled Tue 27th May Early"]
[Site "chess.com INT"]
[Date "2025.05.27"]
[Round "6"]
[White "Duda, Jan-Krzysztof"]
[Black "Svane, Rasmus"]
[Result "0-1"]
[WhiteTitle "GM"]
[BlackTitle "GM"]
[WhiteElo "2739"]
[BlackElo "2629"]
[WhiteFideId "1170546"]
[BlackFideId "4657101"]
[EventDate "2025.05.27"]

1. e4 e5 2. Nf3 Nc6 3. Bb5 a6 4. Ba4 Nf6 5. O-O Be7 6. d3 b5 7. Bb3 d6 8. a4 Bd7
9. c3 O-O 10. Bc2 b4 11. a5 Re8 12. Nbd2 Bf8 13. d4 bxc3 14. bxc3 exd4 15. cxd4
Nb4 16. Bb3 Bb5 17. Re1 Nd3 18. Ng5 d5 19. Re3 h6 20. Nxf7 Kxf7 21. e5 c6 22.
Qc2 Nb4 23. Qc3 Kg8 24. Ba3 Ng4 25. Rg3 Nxe5 26. dxe5 c5 27. Bxb4 cxb4 28. Qd4
Rc8 29. Bxd5+ Kh8 30. Ne4 Qc7 31. e6 Qc1+ 32. Qd1 Qxd1+ 33. Rxd1 Rcd8 34. Re3
Rxe6 35. Ree1 Re5 36. Bb3 Rxd1 37. Bxd1 Bc4 38. Bc2 Rxa5 0-1

[Event "Titled Tue 27th May Early"]
[Site "chess.com INT"]
[Date "2025.05.27"]
[Round "6"]
[White "Matskevich, Varvara"]
[Black "Caprio, Guido"]
[Result "1/2-1/2"]
[WhiteTitle "WFM"]
[BlackTitle "IM"]
[WhiteElo "1988"]
[BlackElo "2435"]
[WhiteFideId "13523465"]
[BlackFideId "834580"]
[EventDate "2025.05.27"]

1. e4 Nf6 2. e5 Nd5 3. d4 d6 4. c4 Nb6 5. exd6 exd6 6. Nc3 Be7 7. Bd3 O-O 8.
Nge2 Nc6 9. O-O Bf6 10. Be3 Re8 11. a3 Bg4 12. Qc2 g6 13. b4 Bg7 14. b5 Ne7 15.
Ng3 d5 16. c5 Nc4 17. Bxc4 dxc4 18. Qd2 Nd5 19. Nxd5 Qxd5 20. h3 Bd7 21. a4 a6
22. Ne2 axb5 23. Nc3 Qh5 24. axb5 Rad8 25. Qd1 Qh4 26. Ra7 Bf5 27. Ne2 Bd3 28.
Rxb7 Bxe2 29. Qxe2 Bxd4 30. Qxc4 Rxe3 31. Rxc7 Re7 32. Rxe7 Bxf2+ 33. Rxf2 Qxc4
34. c6 Qxb5 35. c7 Rc8 36. Rfxf7 Qc5+ 37. Kh2 Qd6+ 38. Kh1 h5 39. Rg7+ Kh8 40.
Rh7+ Kg8 41. Rhg7+ Kf8 42. Rgf7+ Kg8 43. Rg7+ 1/2-1/2

[Event "Titled Tue 27th May Early"]
[Site "chess.com INT"]
[Date "2025.05.27"]
[Round "6"]
[White "Hayrapetyan, Edgar"]
[Black "Gadzhiev, Ruslan"]
[Result "1-0"]
[WhiteTitle "FM"]
[BlackTitle "CM"]
[WhiteElo "2161"]
[BlackElo "2169"]
[WhiteFideId "13313568"]
[BlackFideId "55671926"]
[EventDate "2025.05.27"]

1. e4 e6 2. d4 d5 3. Nc3 Bb4 4. e5 Ne7 5. Bd2 c5 6. Nce2 Bxd2+ 7. Qxd2 Qb6 8. c3
Nbc6 9. f4 Nf5 10. Nf3 h5 11. dxc5 Qxc5 12. Ned4 Ncxd4 13. Nxd4 Nxd4 14. Qxd4
Qxd4 15. cxd4 Bd7 16. Rc1 Rc8 17. Rxc8+ Bxc8 18. Kd2 Bd7 19. Be2 g6 20. Rc1 Bc6
21. b4 a6 22. a4 Ke7 23. b5 axb5 24. axb5 Bd7 25. Rc7 Rb8 26. b6 Ke8 27. g4 hxg4
28. Bxg4 Ra8 29. Rxb7 Ra4 30. Ke3 Ra3+ 31. Kf2 Ra4 32. Ke3 Ra3+ 33. Kd2 Ra4 34.
Kc3 Rc4+ 35. Kd3 Ra4 36. h4 Ra3+ 37. Kc2 Ra4 38. Kc3 Rc4+ 39. Kd3 Ra4 40. h5
gxh5 41. Bxh5 Ra3+ 42. Kc2 Kd8 43. Bxf7 Ra4 44. f5 Rc4+ 45. Kd3 exf5 46. e6 Bb5
47. Ke3 Kc8 48. Ra7 Kb8 49. e7 f4+ 50. Kf3 Rxd4 51. Rc7 Re4 52. Bxd5 Re3+ 53.
Kxf4 Re1 54. Be4 1-0

[Event "Titled Tue 27th May Early"]
[Site "chess.com INT"]
[Date "2025.05.27"]
[Round "6"]
[White "Duarte Cramer, Lily Jeanette"]
[Black "Marchesich, Giovanni"]
[Result "0-1"]
[WhiteTitle "WCM"]
[BlackTitle "CM"]
[WhiteElo "1828"]
[BlackElo "2219"]
[WhiteFideId "29620180"]
[BlackFideId "2824790"]
[EventDate "2025.05.27"]

1. d4 g6 2. Bf4 Bg7 3. Nc3 d5 4. Nf3 c6 5. e3 Qb6 6. b3 Nf6 7. Na4 Qa5+ 8. Qd2
Qd8 9. Bd3 Ne4 10. Bxe4 dxe4 11. Ng1 O-O 12. Ne2 Nd7 13. Bg3 e5 14. dxe5 Nxe5
15. O-O-O Qf6 16. Nd4 Bg4 17. Rdf1 b6 18. f3 exf3 19. gxf3 Bd7 20. h4 c5 21. f4
Ng4 22. f5 cxd4 23. fxg6 Qxg6 24. exd4 Bxa4 25. bxa4 Rac8 26. Rhg1 Bh6 27. Bf4
Bxf4 28. Rxf4 f5 29. d5 Kh8 30. Qd3 Qf6 31. Kd2 Qe5 32. Rgf1 Rcd8 33. Rxf5 Rxf5
34. Rxf5 Qh2+ 35. Kc3 Qc7+ 36. Kb2 Qg7+ 37. Qc3 Qxc3+ 38. Kxc3 Ne3 39. Re5 Nxd5+
40. Kc4 Nf6 41. Rf5 Kg7 42. Re5 Kf7 43. Rg5 h6 44. Rb5 Rc8+ 45. Kb3 Nd7 46. Rf5+
Kg6 47. Rd5 Nc5+ 48. Ka3 Rc6 49. Rd6+ Rxd6 50. Kb4 Ne6 51. Kb5 Rd4 52. c4 Nc5
53. a3 Rxh4 54. Kb4 Nxa4 55. Kb5 Rxc4 56. Kxc4 h5 57. Kb5 h4 58. Ka6 h3 59. Kb5
h2 60. Ka6 h1=Q 61. Kb5 Nb2 62. Ka6 Kf6 63. a4 Ke6 64. a5 Kd6 65. axb6 axb6 66.
Ka7 b5 67. Ka6 b4 68. Ka5 b3 69. Kb4 Qb7+ 70. Ka3 Nc4+ 71. Ka4 Nb6+ 72. Ka3 b2
73. Ka2 Nc4 74. Kb1 Na3+ 75. Ka2 b1=Q+ 76. Kxa3 Qa1# 0-1